Michael Crichton Novels Quiz Stats

 Plays Quiz Updated Mar 14, 2014

Score 0/17 Timer 06:00
0 Plays Today
Year Title % Correct
1990Jurassic Park
96.2%
1995The Lost World
75.8%
1969The Andromeda Strain
68.7%
1980Congo
60.4%
1987Sphere
56.8%
1999Timeline
47.7%
2002Prey
44.6%
1975The Great Train Robbery
38.8%
1996Airframe
37.8%
Year Title % Correct
2006Next
36.3%
1992Rising Sun
31.7%
2004State Of Fear
29.5%
1994Disclosure
29.4%
1976Eaters of the Dead
29.3%
1972The Terminal Man
28.9%
2011Micro
27.3%
2009Pirate Latitudes
11.7%

You're not logged in!

Compare scores with friends on all Sporcle quizzes.
OR
Log In

Sporcle TV

Today on Sporcle TV


Watch our educational content, quiz creation guides, and fun videos on Sporcle TV.

Show Comments

Extras

Top Quizzes Today


Score Distribution

Your Account Isn't Verified!

In order to create a playlist on Sporcle, you need to verify the email address you used during registration. Go to your Sporcle Settings to finish the process.

Report this User

Report this user for behavior that violates our Community Guidelines.

Details: